Speaking the Speech (Record no. 1989)

MARC details
005 - DATE AND TIME OF LATEST TRANSACTION
control field 20250506095934.0
020 ## - INTERNATIONAL STANDARD BOOK NUMBER
International Standard Book Number 0-03-042001-6
082 ## - DEWEY DECIMAL CLASSIFICATION NUMBER
Classification number 808.51 COH
100 ## - MAIN ENTRY--PERSONAL NAME
Author name COHEN, E.
245 ## - TITLE STATEMENT
Title Speaking the Speech
260 ## - PUBLICATION, DISTRIBUTION, ETC.
Place of publication, distribution, etc. New York,
Name of publisher, distributor, etc. Holt, Rinehart and Winston,
Date of publication, distribution, etc. 1980.
300 ## - PHYSICAL DESCRIPTION
Extent xiii, 179p., ill., graphs,
Other physical details Index,
Dimensions 22cm.
942 ## - ADDED ENTRY ELEMENTS (KOHA)
Source of classification or shelving scheme Dewey Decimal Classification
Koha item type Books
Holdings
Date last seen Total checkouts Full call number Barcode Cost, replacement price Price effective from Koha item type Lost status Source of classification or shelving scheme Damaged status Not for loan Withdrawn status Home library Current library Shelving location Date acquired Cost, normal purchase price
05/06/2025   808.51 COH 0000006126 60000.00 03/26/1993 Books   Dewey Decimal Classification       College of Business Education Main Library College of Business Education Main Library General Collection 05/06/2025 20000.00